000 00218nam a22000857a 4500
008 170603b xxu||||| |||| 00| 0 eng d
100 _93261
_aEstes. R
245 _aCircus of Fear
260 _aNew Delhi
_bCapital Creation
_c2003
999 _c6575
_d6575